[Event "Titled Tuesday intern op 27th Feb Late"]
[Site "Chess.com INT"]
[Date "2024.02.27"]
[Round "6"]
[White "Mendez Fortes, Eduardo Jesus"]
[Black "Mickiewicz, Piotr"]
[Result "1-0"]
[WhiteElo "2231"]
[BlackElo "2239"]
[PlyCount "127"]
[EventDate "2024.02.27"]
[EventType "swiss (blitz)"]
[EventRounds "11"]
[EventCountry "USA"]
[SourceTitle "CB10_2024"]
[SourceDate "2024.03.06"]
[SourceVersion "1"]
[SourceVersionDate "2024.03.06"]
[SourceQuality "1"]

1. e4 c5 2. Nf3 d6 3. d4 Nf6 4. Nc3 cxd4 5. Nxd4 Bd7 6. f3 Nc6 7. Be3 g6 8. Qd2 Bg7 9. Bc4 h5 10. h4 Rc8 11. Bb3 Ne5 12. 0-0-0 Qa5 13. Kb1 a6 14. f4 Neg4 15. Bg1 Rxc3 16. Qxc3 Qxc3 17. bxc3 Nxe4 18. Re1 Nxc3+ 19. Kc1 Bf6 20. Kd2 Nb5 21. Nxb5 Bxb5 22. Bd5 Bc6 23. Bxc6+ bxc6 24. Rb1 c5 25. Rb8+ Kd7 26. Rxh8 Bxh8 27. Rh3 Kc6 28. Ra3 Kb7 29. Rb3+ Ka7 30. a4 Bf6 31. g3 e6 32. Rd3 Be7 33. Bxc5+ dxc5 34. Rd7+ Kb6 35. Rxe7 Nf2 36. Ke3 Ng4+ 37. Ke2 Nh6 38. c4 Ka5 39. Ra7 Kxa4 40. Rxa6+ Kb4 41. Kd3 Nf5 42. Rb6+ Ka5 43. Rb5+ Ka6 44. Rxc5 Nxg3 45. Rc7 Nf5 46. Rxf7 Nxh4 47. Rf6 Kb6 48. Rxe6+ Kc5 49. Re5+ Kc6 50. Kc3 Nf3 51. Re6+ Kc5 52. Rxg6 h4 53. Rh6 h3 54. Rxh3 Ng1 55. Rh5+ Kd6 56. Kb4 Ke6 57. c5 Ne2 58. c6 Kd6 59. Kb5 Nd4+ 60. Kb6 Ne6 61. Rh6 Ke7 62. Rxe6+ Kd8 63. c7+ Kd7 64. c8Q+ 1-0

[Event "Titled Tuesday intern op 23rd Jan Late"]
[Site "Chess.com INT"]
[Date "2024.01.23"]
[Round "4"]
[White "Mendez Fortes, Eduardo Jesus"]
[Black "Mesquita, Eduardo Barbosa"]
[Result "1-0"]
[WhiteElo "2231"]
[BlackElo "1948"]
[PlyCount "39"]
[EventDate "2024.01.23"]
[EventType "swiss (blitz)"]
[EventRounds "11"]
[EventCountry "USA"]
[SourceTitle "CB05_2024"]
[SourceDate "2024.01.31"]
[SourceVersion "1"]
[SourceVersionDate "2024.01.31"]
[SourceQuality "1"]

1. e4 c5 2. Nf3 d6 3. d4 cxd4 4. Nxd4 Nf6 5. Nc3 a6 6. Bg5 e6 7. f4 Nbd7 8. Qf3 Qc7 9. 0-0-0 b5 10. e5 Bb7 11. Qh3 dxe5 12. Nxe6 fxe6 13. Qxe6+ Be7 14. Nxb5 axb5 15. Bxb5 Rd8 16. Rxd7 Rxd7 17. Rd1 Bc8 18. fxe5 Ng8 19. Rf1 Kd8 20. Rf8# 1-0

[Event "Titled Tuesday intern op 09th Jan Early"]
[Site "Chess.com INT"]
[Date "2024.01.09"]
[Round "10"]
[White "Mendez Fortes, Eduardo Jesus"]
[Black "Domingo Nunez, Alejandro"]
[Result "1-0"]
[WhiteElo "2231"]
[BlackElo "2313"]
[PlyCount "33"]
[EventDate "2024.01.09"]
[EventType "swiss (blitz)"]
[EventRounds "11"]
[EventCountry "USA"]
[SourceTitle "CB03_2024"]
[SourceDate "2024.01.17"]
[SourceVersion "1"]
[SourceVersionDate "2024.01.17"]
[SourceQuality "1"]

1. e4 g6 2. d4 Bg7 3. Nc3 c6 4. f4 d5 5. e5 Nh6 6. Nf3 f6 7. Bd3 Bg4 8. h3 Bxf3 9. Qxf3 0-0 10. h4 fxe5 11. dxe5 Nd7 12. Qg3 Nf5 13. Bxf5 Rxf5 14. Ne2 Qb6 15. h5 Rxh5 16. Rxh5 Qg1+ 17. Nxg1 1-0

[Event "Titled Tuesday intern op 09th Jan Early"]
[Site "Chess.com INT"]
[Date "2024.01.09"]
[Round "4"]
[White "Mendez Fortes, Eduardo Jesus"]
[Black "Dyulgerov, Volen"]
[Result "1-0"]
[WhiteElo "2231"]
[BlackElo "2200"]
[PlyCount "79"]
[EventDate "2024.01.09"]
[EventType "swiss (blitz)"]
[EventRounds "11"]
[EventCountry "USA"]
[SourceTitle "CB03_2024"]
[SourceDate "2024.01.17"]
[SourceVersion "1"]
[SourceVersionDate "2024.01.17"]
[SourceQuality "1"]

1. e4 c5 2. Nf3 d6 3. d4 cxd4 4. Nxd4 Nf6 5. Nc3 a6 6. Bg5 e6 7. f4 Qc7 8. Qf3 b5 9. Bxf6 gxf6 10. a3 h5 11. f5 Be7 12. 0-0-0 Nc6 13. Nxc6 Qxc6 14. Be2 h4 15. Qh3 Qc5 16. Bg4 Qe5 17. fxe6 fxe6 18. Ne2 Rg8 19. Kb1 f5 20. Bh5+ Kd8 21. Nd4 Bd7 22. Bf7 Rg4 23. Bxe6 Rxe4 24. Bxd7 Rxd4 25. Rde1 Re4 26. Rxe4 fxe4 27. Bc6 Ra7 28. Re1 Bf6 29. c3 Re7 30. Rxe4 Qc5 31. Rxe7 Kxe7 32. Qd7+ Kf8 33. Be4 Qg1+ 34. Ka2 Qxh2 35. Bg6 Be7 36. Qf5+ Kg7 37. Qf7+ Kh6 38. Bb1 Kg5 39. Qxe7+ Kg4 40. Qg7+ 1-0

[Event "Titled Tuesday intern op 12th Dec Early"]
[Site "Chess.com INT"]
[Date "2023.12.12"]
[Round "7"]
[White "Berezin, Viktor1"]
[Black "Mendez Fortes, Eduardo Jesus"]
[Result "0-1"]
[WhiteElo "2307"]
[BlackElo "2231"]
[PlyCount "40"]
[EventDate "2023.12.12"]
[EventType "swiss (blitz)"]
[EventRounds "11"]
[EventCountry "USA"]
[SourceTitle "CB51_2023"]
[SourceDate "2023.12.20"]
[SourceVersion "1"]
[SourceVersionDate "2023.12.20"]
[SourceQuality "1"]

1. d4 Nf6 2. Nf3 d5 3. c4 e6 4. g3 dxc4 5. Bg2 a6 6. 0-0 Nc6 7. e3 Rb8 8. a4 Na5 9. Nfd2 c5 10. dxc5 Bxc5 11. b3 cxb3 12. Bb2 0-0 13. Qc1 Bd6 14. Nc4 Nxc4 15. Qxc4 e5 16. Qxb3 Be6 17. Qd3 Qe7 18. Nc3 Rfd8 19. Qe2 Rbc8 20. Rac1 Bc4 0-1

[Event "Titled Tuesday intern op 12th Dec Early"]
[Site "Chess.com INT"]
[Date "2023.12.12"]
[Round "2"]
[White "Kovalenko, Igor"]
[Black "Mendez Fortes, Eduardo Jesus"]
[Result "1-0"]
[WhiteElo "2674"]
[BlackElo "2231"]
[PlyCount "81"]
[EventDate "2023.12.12"]
[EventType "swiss (blitz)"]
[EventRounds "11"]
[EventCountry "USA"]
[SourceTitle "CB51_2023"]
[SourceDate "2023.12.20"]
[SourceVersion "1"]
[SourceVersionDate "2023.12.20"]
[SourceQuality "1"]

1. c4 e6 2. g3 Nf6 3. Bg2 d5 4. Nf3 dxc4 5. Qa4+ Nbd7 6. Qxc4 a6 7. Qc2 c5 8. a4 Bd6 9. a5 Qc7 10. 0-0 0-0 11. d3 e5 12. Nbd2 Nd5 13. Nc4 Nb4 14. Qb3 Nc6 15. e3 Re8 16. Bd2 Rb8 17. Ng5 Nf6 18. Qb6 Qxb6 19. axb6 Bf5 20. Bxc6 bxc6 21. e4 Bc8 22. Nxd6 Rd8 23. Nxc8 Rdxc8 24. Rxa6 Rd8 25. Bc3 Nd7 26. Nf3 f6 27. b7 Rxb7 28. Rxc6 Kf7 29. Ra1 Nf8 30. Rxc5 Rxd3 31. Kg2 Ne6 32. Rc8 Rdd7 33. h4 h6 34. h5 Rb5 35. Raa8 Nc5 36. Rf8+ Ke6 37. Rfe8+ Kf7 38. Bxe5 Nxe4 39. Rab8 Rbd5 40. Bf4 Rc5 41. Rxe4 1-0

[Event "Titled Tuesday intern op 12th Dec Early"]
[Site "Chess.com INT"]
[Date "2023.12.12"]
[Round "4"]
[White "Mendez Fortes, Eduardo Jesus"]
[Black "Lagarde, Maxime"]
[Result "1/2-1/2"]
[WhiteElo "2231"]
[BlackElo "2640"]
[PlyCount "74"]
[EventDate "2023.12.12"]
[EventType "swiss (blitz)"]
[EventRounds "11"]
[EventCountry "USA"]
[SourceTitle "CB51_2023"]
[SourceDate "2023.12.20"]
[SourceVersion "1"]
[SourceVersionDate "2023.12.20"]
[SourceQuality "1"]

1. e4 Nc6 2. Nf3 e5 3. Bb5 a6 4. Ba4 Nf6 5. 0-0 Be7 6. Re1 b5 7. Bb3 0-0 8. c3 d6 9. h3 Bb7 10. d4 Re8 11. Nbd2 Bf8 12. a3 h6 13. Bc2 a5 14. a4 exd4 15. axb5 dxc3 16. bxc3 Ne5 17. c4 Nxf3+ 18. Qxf3 g6 19. Bb2 Bg7 20. Bc3 a4 21. Rxa4 Rxa4 22. Bxa4 Nxe4 23. Nxe4 Rxe4 24. Rxe4 Bxe4 25. Qxe4 Bxc3 26. Qe3 Bg7 27. Bc2 h5 28. Be4 Be5 29. Bd5 Kg7 30. Qf3 Qe7 31. g3 Bd4 32. Kg2 Qf6 33. Qxf6+ Kxf6 34. f4 Bb6 35. Kf3 Kg7 36. g4 hxg4+ 37. hxg4 f5 1/2-1/2

[Event "Titled Tuesday intern op 12th Dec Early"]
[Site "Chess.com INT"]
[Date "2023.12.12"]
[Round "10"]
[White "Mendez Fortes, Eduardo Jesus"]
[Black "Willy, Stephen"]
[Result "0-1"]
[WhiteElo "2231"]
[BlackElo "2080"]
[PlyCount "126"]
[EventDate "2023.12.12"]
[EventType "swiss (blitz)"]
[EventRounds "11"]
[EventCountry "USA"]
[SourceTitle "CB51_2023"]
[SourceDate "2023.12.20"]
[SourceVersion "1"]
[SourceVersionDate "2023.12.20"]
[SourceQuality "1"]

1. e4 c6 2. d4 d5 3. e5 c5 4. dxc5 e6 5. a3 Nc6 6. Nf3 Bxc5 7. b4 Bb6 8. Bb2 Nge7 9. Bd3 Ng6 10. b5 Na5 11. h4 Nf4 12. Bf1 Nc4 13. Bxc4 dxc4 14. Qxd8+ Bxd8 15. g3 Nd5 16. Bd4 Bd7 17. a4 a6 18. Nbd2 axb5 19. axb5 Rxa1+ 20. Bxa1 Bxb5 21. Ne4 Ba5+ 22. Kd1 Ke7 23. Bd4 b6 24. Nd6 Bc6 25. Rg1 f6 26. Nxc4 Nc3+ 27. Bxc3 Bxf3+ 28. Kd2 Rd8+ 29. Ke3 Bxc3 30. Kxf3 fxe5 31. Nxb6 Rd2 32. Nc4 Rxc2 33. Ne3 Rd2 34. Rd1 e4+ 35. Kg2 Rxd1 36. Nxd1 Bd4 37. Kf1 Kd6 38. Ke2 Ke5 39. Kd2 h5 40. Ke2 Kf5 41. Kd2 Kg4 42. Ke2 e5 43. Kf1 Kf3 44. Ke1 e3 45. fxe3 Bxe3 46. Nc3 Kxg3 47. Ke2 Bd4 48. Ne4+ Kxh4 49. Kf3 g5 50. Nf6 g4+ 51. Kg2 Kg5 52. Ne4+ Kf4 53. Ng3 h4 54. Nh5+ Kg5 55. Ng7 Be3 56. Ne6+ Kf5 57. Nc7 h3+ 58. Kg3 Bf4+ 59. Kf2 g3+ 60. Kg1 Kg4 61. Nd5 Kf3 62. Kf1 h2 63. Nxf4 h1R# 0-1

[Event "Titled Tuesday intern op 24th Oct Late"]
[Site "Chess.com INT"]
[Date "2023.10.24"]
[Round "1"]
[White "Lebedev, Artem S"]
[Black "Mendez Fortes, Eduardo Jesus"]
[Result "0-1"]
[WhiteElo "2033"]
[BlackElo "2231"]
[PlyCount "80"]
[EventDate "2023.10.24"]
[EventType "swiss (blitz)"]
[EventRounds "11"]
[EventCountry "USA"]
[SourceTitle "Mega2024 Update 01"]
[Source "Chessbase"]
[SourceDate "2023.11.12"]
[SourceVersion "1"]
[SourceVersionDate "2023.11.12"]
[SourceQuality "1"]

1. e4 e5 2. Nf3 Nc6 3. Bb5 a6 4. Ba4 Nf6 5. 0-0 Nxe4 6. d4 b5 7. Bb3 d5 8. dxe5 Be6 9. Qe2 Nc5 10. Rd1 Nxb3 11. axb3 Qd7 12. c4 bxc4 13. bxc4 d4 14. Nbd2 Nb4 15. Nb3 c5 16. Qe4 Rd8 17. Bg5 Bxc4 18. Nbxd4 Bd5 19. Qe2 cxd4 20. Bxd8 Qxd8 21. Nxd4 Bc5 22. Rac1 Ba7 23. Nf5 0-0 24. Qg4 g6 25. Nh6+ Kg7 26. Qxb4 Kxh6 27. Qd2+ Kg7 28. Qxd5 Qb6 29. Qf3 Qxb2 30. Rc7 Bb6 31. Qf6+ Kg8 32. Rcd7 a5 33. R7d6 Bc5 34. Rd8 a4 35. Rxf8+ Bxf8 36. Qa6 a3 37. e6 a2 38. exf7+ Kg7 39. Qa4 Bc5 40. Rf1 Bd4 0-1

[Event "Titled Tuesday intern op 26th Sep Late"]
[Site "Chess.com INT"]
[Date "2023.09.26"]
[Round "5"]
[White "Gerbelli Neto, Eduardo"]
[Black "Mendez Fortes, Eduardo Jesus"]
[Result "1/2-1/2"]
[WhiteElo "2114"]
[BlackElo "2231"]
[PlyCount "95"]
[EventDate "2023.09.26"]
[EventType "swiss (blitz)"]
[EventRounds "11"]
[EventCountry "USA"]
[SourceTitle "EXT 2024"]
[Source "ChessBase"]
[SourceDate "2023.10.10"]
[SourceVersion "1"]
[SourceVersionDate "2023.10.10"]
[SourceQuality "1"]

1. e4 c5 2. Nc3 d6 3. f4 g6 4. Nf3 Bg7 5. Bb5+ Bd7 6. Bc4 Nc6 7. 0-0 e6 8. d3 Nge7 9. Qe1 Nd4 10. Nxd4 cxd4 11. Ne2 0-0 12. Bb3 f5 13. Ng3 Kh8 14. Bd2 Qc7 15. Rc1 e5 16. fxe5 dxe5 17. Bb4 Rae8 18. exf5 Bxf5 19. Ne4 Bxe4 20. Qxe4 Rxf1+ 21. Rxf1 Nf5 22. g4 Ne3 23. Rf7 Qc8 24. h3 Nxc2 25. Bxc2 Qxc2 26. Qxb7 Rc8 27. Bc3 Rg8 28. Be1 Qe2 29. Bg3 Qe3+ 30. Kg2 h6 31. Qe4 Qxe4+ 32. dxe4 Rd8 33. Kf2 d3 34. Ke1 Rd4 35. Kd2 Rxe4 36. Kxd3 Rd4+ 37. Ke3 Rd8 38. Rxa7 Rf8 39. Ke4 Rd8 40. Bxe5 Re8 41. Rxg7 h5 42. Rxg6+ Kh7 43. gxh5 Rc8 44. Kf5 Rc1 45. Kg5 Rg1+ 46. Kf6 Rf1+ 47. Ke7 Rf7+ 48. Kxf7 1/2-1/2

[Event "Titled Tuesday intern op 26th Sep Early"]
[Site "Chess.com INT"]
[Date "2023.09.26"]
[Round "7"]
[White "Mendez Fortes, Eduardo Jesus"]
[Black "Blahynka, Martin"]
[Result "0-1"]
[WhiteElo "2231"]
[BlackElo "2378"]
[PlyCount "94"]
[EventDate "2023.09.26"]
[EventType "swiss (blitz)"]
[EventRounds "11"]
[EventCountry "USA"]
[SourceTitle "EXT 2024"]
[Source "ChessBase"]
[SourceDate "2023.10.10"]
[SourceVersion "1"]
[SourceVersionDate "2023.10.10"]
[SourceQuality "1"]

1. e4 b6 2. d4 Bb7 3. Nc3 e6 4. Bd3 Bb4 5. Qg4 Nf6 6. Qxg7 Rg8 7. Qh6 Rg6 8. Qh4 Rg4 9. Qh3 Bxe4 10. f3 Bxd3 11. fxg4 Bxc2 12. Bg5 d5 13. Nge2 Nbd7 14. 0-0 Be7 15. Nf4 c5 16. Rae1 cxd4 17. Nb5 Ne4 18. Bxe7 Qxe7 19. Nc7+ Kd8 20. Nxa8 Ne5 21. Qa3 Qxa3 22. bxa3 d3 23. Rc1 Nc4 24. Rfd1 Bxd1 25. Rxd1 d2 26. Nd3 Ne3 27. Nf2 Nxd1 28. Nxd1 Kc8 29. Kf1 Kb7 30. Ke2 Kxa8 31. Ne3 Kb7 32. g5 Kc6 33. h4 Kb5 34. g4 Ka4 35. h5 Kxa3 36. Kd1 Kxa2 37. Ng2 b5 38. Nf4 b4 39. Nd3 b3 40. g6 fxg6 41. hxg6 hxg6 42. Nb4+ Ka3 43. Nd3 b2 44. Kc2 b1Q+ 45. Kxb1 d1Q+ 46. Nc1 Nd2+ 47. Ka1 Qxc1# 0-1

[Event "Titled Tuesday intern op 26th Sep Early"]
[Site "Chess.com INT"]
[Date "2023.09.26"]
[Round "4"]
[White "Mendez Fortes, Eduardo Jesus"]
[Black "Goswami, Vedant"]
[Result "1-0"]
[WhiteElo "2231"]
[BlackElo "2034"]
[PlyCount "83"]
[EventDate "2023.09.26"]
[EventType "swiss (blitz)"]
[EventRounds "11"]
[EventCountry "USA"]
[SourceTitle "EXT 2024"]
[Source "ChessBase"]
[SourceDate "2023.10.10"]
[SourceVersion "1"]
[SourceVersionDate "2023.10.10"]
[SourceQuality "1"]

1. e4 Nc6 2. Nf3 d6 3. Bb5 a6 4. Bxc6+ bxc6 5. c4 e6 6. d4 g6 7. Nc3 Bg7 8. h3 Ne7 9. Be3 Rb8 10. Qd2 h6 11. b3 g5 12. 0-0-0 Ng6 13. g4 a5 14. Qc2 Qf6 15. Nd2 Nf4 16. e5 Qg6 17. Bxf4 Qxc2+ 18. Kxc2 gxf4 19. Nf3 h5 20. Ne4 Ke7 21. c5 d5 22. Nc3 Ba6 23. g5 a4 24. Nxa4 Be2 25. Nh4 Bxd1+ 26. Rxd1 Kd7 27. Nc3 Rhg8 28. Rg1 Bf8 29. Ne2 Be7 30. Nf3 Ra8 31. a4 h4 32. Nxf4 Rg7 33. Rg4 Rag8 34. Nh5 Rxg5 35. Nxg5 Rxg5 36. Rxg5 Bxg5 37. f4 Be7 38. Kd3 Kc8 39. b4 Kb7 40. Ke3 Bf8 41. Kf3 Bh6 42. Kg4 1-0

[Event "Titled Tuesday intern op 26th Sep Late"]
[Site "Chess.com INT"]
[Date "2023.09.26"]
[Round "4"]
[White "Mendez Fortes, Eduardo Jesus"]
[Black "Miladinovic, Igor"]
[Result "0-1"]
[WhiteElo "2231"]
[BlackElo "2489"]
[PlyCount "82"]
[EventDate "2023.09.26"]
[EventType "swiss (blitz)"]
[EventRounds "11"]
[EventCountry "USA"]
[SourceTitle "EXT 2024"]
[Source "ChessBase"]
[SourceDate "2023.10.10"]
[SourceVersion "1"]
[SourceVersionDate "2023.10.10"]
[SourceQuality "1"]

1. e4 c6 2. d4 d5 3. e5 Bf5 4. Nf3 e6 5. Be2 h6 6. 0-0 Ne7 7. Nbd2 Bg6 8. a4 Nf5 9. Nb3 Nd7 10. h3 Be7 11. g4 Nh4 12. Nxh4 Bxh4 13. f4 Bh7 14. Be3 Qe7 15. Qd2 f6 16. Bd3 Bxd3 17. Qxd3 0-0-0 18. a5 a6 19. c4 dxc4 20. Qxc4 h5 21. f5 exf5 22. gxf5 fxe5 23. d5 Bg5 24. Bf2 Qf7 25. Rad1 Nf6 26. Nc5 Rxd5 27. Ne6 Bh6 28. Rxd5 Nxd5 29. Bc5 g6 30. Qe4 gxf5 31. Qxe5 Re8 32. Re1 Be3+ 33. Bxe3 Rxe6 34. Qh8+ Re8 35. Qd4 Qg6+ 36. Kf2 f4 37. Bd2 Qg3+ 38. Kf1 Qxh3+ 39. Kf2 Qg3+ 40. Kf1 Qf3+ 41. Kg1 Rg8+ 0-1

[Event "Titled Tuesday intern op 26th Sep Late"]
[Site "Chess.com INT"]
[Date "2023.09.26"]
[Round "3"]
[White "Mendez Fortes, Eduardo Jesus"]
[Black "Sultanbek, Zeinep"]
[Result "1-0"]
[WhiteElo "2231"]
[BlackElo "2022"]
[PlyCount "85"]
[EventDate "2023.09.26"]
[EventType "swiss (blitz)"]
[EventRounds "11"]
[EventCountry "USA"]
[SourceTitle "EXT 2024"]
[Source "ChessBase"]
[SourceDate "2023.10.10"]
[SourceVersion "1"]
[SourceVersionDate "2023.10.10"]
[SourceQuality "1"]

1. e4 c5 2. Nf3 d6 3. d4 cxd4 4. Nxd4 Nf6 5. Nc3 g6 6. f3 Bg7 7. Be3 Nc6 8. Bc4 0-0 9. Qd2 Bd7 10. h4 h5 11. 0-0-0 Rb8 12. Kb1 Na5 13. Be2 b5 14. Ndxb5 Bxb5 15. Nxb5 Qd7 16. Nd4 Qa4 17. Nb3 Nxb3 18. axb3 Qd7 19. Bh6 a5 20. Bxg7 Kxg7 21. e5 Ne8 22. Qxa5 Qe6 23. exd6 Qxe2 24. d7 Nd6 25. Rhe1 Qxg2 26. Qe5+ Kh7 27. Qxe7 Nf5 28. Qf6 Rbd8 29. Rd3 Qg3 30. Rh1 Qc7 31. Rhd1 Qf4 32. Qg5 Qxh4 33. Qxh4 Nxh4 34. c4 Nf5 35. c5 Ne7 36. b4 Rb8 37. d8Q Rfxd8 38. Rxd8 Rxb4 39. R8d7 Nf5 40. Rxf7+ Kh6 41. Rc1 h4 42. c6 Nd6 43. c7 1-0

[Event "Titled Tuesday intern op 19th Sep Late"]
[Site "Chess.com INT"]
[Date "2023.09.19"]
[Round "3"]
[White "Mendez Fortes, Eduardo Jesus"]
[Black "Caglar, Sila"]
[Result "1-0"]
[WhiteElo "2231"]
[BlackElo "2198"]
[PlyCount "61"]
[EventDate "2023.09.19"]
[EventType "swiss (blitz)"]
[EventRounds "11"]
[EventCountry "USA"]
[SourceTitle "EXT 2024"]
[Source "ChessBase"]
[SourceDate "2023.10.10"]
[SourceVersion "1"]
[SourceVersionDate "2023.10.10"]
[SourceQuality "1"]

1. e4 c5 2. Nf3 e6 3. d4 cxd4 4. Nxd4 Nc6 5. Nc3 Qc7 6. Be3 a6 7. Qd2 Nf6 8. 0-0-0 b5 9. f3 Bb7 10. Kb1 Rc8 11. Nxc6 Qxc6 12. e5 Ng8 13. Ne4 f5 14. Nf2 Ne7 15. Bd4 Nd5 16. Nd3 Nb6 17. Bxb6 Qxb6 18. Nf4 Qc7 19. c4 Be7 20. cxb5 Bg5 21. bxa6 Ba8 22. Bb5 0-0 23. Bxd7 Bxf4 24. Bxe6+ Kh8 25. Qxf4 Qc2+ 26. Ka1 Bc6 27. Bxc8 Rxc8 28. Rc1 Qd3 29. Rhd1 Qxa6 30. Qc4 Rg8 31. Qxa6 1-0

[Event "Titled Tuesday intern op 12th Sep Late"]
[Site "Chess.com INT"]
[Date "2023.09.12"]
[Round "9"]
[White "Holt, Conrad"]
[Black "Mendez Fortes, Eduardo Jesus"]
[Result "0-1"]
[WhiteElo "2540"]
[BlackElo "2231"]
[PlyCount "76"]
[EventDate "2023.09.12"]
[EventType "swiss (blitz)"]
[EventRounds "11"]
[EventCountry "USA"]
[SourceTitle "EXT 2024"]
[Source "ChessBase"]
[SourceDate "2023.10.10"]
[SourceVersion "1"]
[SourceVersionDate "2023.10.10"]
[SourceQuality "1"]

1. d4 Nf6 2. c4 e6 3. Nf3 d5 4. Nc3 Bb4 5. Qa4+ Nc6 6. e3 0-0 7. Be2 dxc4 8. 0-0 Re8 9. a3 Bd6 10. Qxc4 e5 11. d5 Ne7 12. e4 Ng6 13. Re1 a6 14. Bf1 h6 15. Be3 b5 16. Qb3 Bb7 17. Rac1 c5 18. Nd2 Ng4 19. a4 Nxe3 20. fxe3 c4 21. Bxc4 bxc4 22. Qxb7 Rb8 23. Qxa6 Rb6 24. Qa5 Bb4 25. Qa7 Re7 26. Qxb6 Qxb6 27. Nxc4 Qa6 28. b3 Rd7 29. Red1 Bxc3 30. Rxc3 f6 31. a5 Ne7 32. b4 Nc8 33. d6 Nxd6 34. Rcc1 Kf7 35. Nb6 Rd8 36. Rc7+ Kg8 37. Rc6 Qe2 38. Rdxd6 Qe1# 0-1

[Event "Titled Tuesday intern op 12th Sep Early"]
[Site "Chess.com INT"]
[Date "2023.09.12"]
[Round "5"]
[White "Mendez Fortes, Eduardo Jesus"]
[Black "Pranav, V."]
[Result "0-1"]
[WhiteElo "2231"]
[BlackElo "2579"]
[PlyCount "112"]
[EventDate "2023.09.12"]
[EventType "swiss (blitz)"]
[EventRounds "11"]
[EventCountry "USA"]
[SourceTitle "EXT 2024"]
[Source "ChessBase"]
[SourceDate "2023.10.10"]
[SourceVersion "1"]
[SourceVersionDate "2023.10.10"]
[SourceQuality "1"]

1. e4 e5 2. Nf3 Nc6 3. Bb5 a6 4. Ba4 Nf6 5. 0-0 Be7 6. Re1 b5 7. Bb3 0-0 8. c3 d6 9. h3 Nb8 10. d4 Nbd7 11. Nbd2 Bb7 12. Bc2 Re8 13. Nf1 Bf8 14. Ng3 g6 15. Bg5 c5 16. d5 c4 17. Qd2 Rc8 18. h4 h5 19. Nf1 Be7 20. Ne3 Nh7 21. Bxe7 Qxe7 22. g3 Nc5 23. Ng2 Rc7 24. Ng5 Bc8 25. Kh2 Nd7 26. f4 Ndf6 27. Kg1 Ng4 28. Nxh7 Kxh7 29. f5 gxf5 30. exf5 f6 31. Be4 Rg8 32. Ne3 Qg7 33. Qg2 Qh6 34. Nf1 Qf8 35. Rad1 Rcg7 36. Rd2 Qf7 37. a4 bxa4 38. Kh1 Qa7 39. Ra1 Bd7 40. Qe2 Kh8 41. Kg2 Bb5 42. Bf3 Qf7 43. Bxg4 Rxg4 44. Kf2 Qh7 45. Qf3 e4 46. Qe3 Qxf5+ 47. Kg2 Qf4 48. Qxf4 Rxf4 49. Re2 f5 50. Re3 Rxh4 51. Nd2 f4 52. Rxe4 Rxg3+ 53. Kf2 Rh2+ 54. Ke1 Rg1+ 55. Nf1 Rxf1+ 56. Kxf1 Rh1+ 0-1

[Event "Titled Tuesday intern op 12th Sep Late"]
[Site "Chess.com INT"]
[Date "2023.09.12"]
[Round "11"]
[White "Mendez Fortes, Eduardo Jesus"]
[Black "Pranav, V."]
[Result "0-1"]
[WhiteElo "2231"]
[BlackElo "2579"]
[PlyCount "98"]
[EventDate "2023.09.12"]
[EventType "swiss (blitz)"]
[EventRounds "11"]
[EventCountry "USA"]
[SourceTitle "EXT 2024"]
[Source "ChessBase"]
[SourceDate "2023.10.10"]
[SourceVersion "1"]
[SourceVersionDate "2023.10.10"]
[SourceQuality "1"]

1. e4 c6 2. d4 d5 3. e5 Bf5 4. Nf3 e6 5. Be2 c5 6. Be3 Qb6 7. c4 dxc4 8. 0-0 Nc6 9. Nbd2 Rd8 10. Nxc4 Qc7 11. Qa4 Qd7 12. dxc5 Nxe5 13. Nd6+ Bxd6 14. Bb5 Nc6 15. cxd6 a6 16. Bxc6 Qxc6 17. Qxc6+ bxc6 18. Rfd1 Be4 19. Ne5 f6 20. d7+ Kf8 21. Bc5+ Ne7 22. Nc4 Bd5 23. Nb6 Kf7 24. Bd6 Nf5 25. Bc7 Rdf8 26. b4 Ke7 27. Rac1 Nd6 28. d8Q+ Rxd8 29. Bxd8+ Rxd8 30. Nxd5+ cxd5 31. Rc6 Rb8 32. a3 Ra8 33. Rc7+ Kf8 34. Rdc1 d4 35. R1c6 Rd8 36. a4 d3 37. Rc1 e5 38. f3 f5 39. Kf2 e4 40. Ke3 Rb8 41. Rb1 h6 42. fxe4 fxe4 43. Rd7 Rb6 44. a5 Rc6 45. Rb2 Nc4+ 46. Kxe4 Nxb2 47. b5 axb5 48. Rb7 d2 49. a6 Rxa6 0-1

[Event "Titled Tuesday intern op 12th Sep Early"]
[Site "Chess.com INT"]
[Date "2023.09.12"]
[Round "2"]
[White "Mendez Fortes, Eduardo Jesus"]
[Black "Putri, Regita Desyari"]
[Result "1-0"]
[WhiteElo "2231"]
[BlackElo "1863"]
[PlyCount "77"]
[EventDate "2023.09.12"]
[EventType "swiss (blitz)"]
[EventRounds "11"]
[EventCountry "USA"]
[SourceTitle "EXT 2024"]
[Source "ChessBase"]
[SourceDate "2023.10.10"]
[SourceVersion "1"]
[SourceVersionDate "2023.10.10"]
[SourceQuality "1"]

1. e4 e5 2. Nf3 Nc6 3. Bb5 a6 4. Ba4 Nf6 5. 0-0 Be7 6. Re1 b5 7. Bb3 d6 8. c3 0-0 9. h3 Bb7 10. d4 Re8 11. a4 Bf8 12. Nbd2 h6 13. Bc2 exd4 14. cxd4 Nb4 15. Bb1 c5 16. d5 Nd7 17. Nf1 c4 18. Bd2 Nd3 19. Bxd3 cxd3 20. Ng3 Nc5 21. axb5 axb5 22. Rxa8 Qxa8 23. Bb4 Na4 24. b3 Nc5 25. Bxc5 dxc5 26. Qxd3 Qa5 27. Rc1 Ba6 28. e5 c4 29. bxc4 bxc4 30. Qe4 c3 31. e6 fxe6 32. dxe6 Bc8 33. Nd4 Qa3 34. Rc2 Bc5 35. Ngf5 Qa1+ 36. Kh2 Qa7 37. Rxc3 Bb4 38. Rg3 g5 39. Nxh6+ 1-0